LEADER 01058nam0 22002771i 450 001 SUN0019768 005 20040713120000.0 010 $a88-7011-443-0 100 $a20040713d1991 |0itac50 ba 101 $aita 102 $aIT 105 $a|||| ||||| 200 1 $aˆIl ‰linguaggio delle variabili$estrumenti per la ricerca sociale$fa cura di Mario Cardano, Renato Miceli 210 $aTorino$cRosenberg & Sellier$d1991 215 $a346 p.$d21 cm. 620 $dTorino$3SUNL000001 676 $a300.7$v21 702 1$aCardano$b, Mario$3SUNV015954 702 1$aMiceli$b, Renato$3SUNV015955 712 $aRosenberg & Sellier$3SUNV000273$4650 801 $aIT$bSOL$c20181109$gRICA 912 $aSUN0019768 950 $aUFFICIO DI BIBLIOTECA DEL DIPARTIMENTO DI PSICOLOGIA$d16 CONS 1601 $e16 VS 1375 995 $aUFFICIO DI BIBLIOTECA DEL DIPARTIMENTO DI PSICOLOGIA$bIT-CE0119$gVS$h1375$kCONS 1601$oc$qa 996 $aLinguaggio delle variabili$9506344 997 $aUNICAMPANIA LEADER 02089nam 2200445 450 001 9910793306903321 005 20200520144314.0 010 $a1-78906-044-3 035 $a(CKB)4100000007596390 035 $a(MiAaPQ)EBC5731402 035 $a(Au-PeEL)EBL5731402 035 $a(OCoLC)1089668353 035 $a(BIP)066700116 035 $a(EXLCZ)994100000007596390 100 $a20190411d2018 uy 0 101 0 $aeng 135 $aurcnu|||||||| 181 $ctxt$2rdacontent 182 $cc$2rdamedia 183 $acr$2rdacarrier 200 00$aHuman acceleration of the nitrogen cycle $emanaging risks and uncertainty 210 1$aParis :$cOECD,$d[2018] 210 4$d2018 215 $a1 online resource (176 pages) 311 $a1-78906-043-5 330 8 $aThis publication examines the risks associated with the release of excessive nitrogen into the environment (climate change, depletion of the ozone layer, air pollution, water pollution, loss of biodiversity, deterioration of soil quality). The report also examines the uncertainty associated with the ability of nitrogen to move from one ecosystem to another and cause "cascading effects". In addition to better management of nitrogen risks at the local level, there is a need to consider the global risks associated with the continued increase in nitrous oxide concentrations and to prevent excess nitrogen in all its forms by developing cost-effective strategies for all its sources. Other than the reduction of nitrogen pollution, this report provides guidance on the use of nitrogen policy instruments and how to ensure coherence with objectives such as food security, energy security and environmental objectives. 606 $aNitrogen cycle 606 $aNitrogen 610 $aNitrogen Cycle 610 $aScience 615 0$aNitrogen cycle. 615 0$aNitrogen. 676 $a577.145 801 0$bMiAaPQ 801 1$bMiAaPQ 801 2$bMiAaPQ 906 $aBOOK 912 $a9910793306903321 996 $aHuman acceleration of the nitrogen cycle$93738047 997 $aUNINA